| 000 | 00506nam a2200181 i 4500 | ||
|---|---|---|---|
| 001 | 38594 | ||
| 003 | ES-MaACL | ||
| 005 | 20230906155802.0 | ||
| 007 | t| | ||
| 008 | 030226s1916 xxk ||||1| spa d | ||
| 245 | 0 | 3 | _aEl camino recto y el torcido. |
| 260 |
_aLondres : _bEyre & Spottiswoode, _c1916. |
||
| 300 |
_a14 p. ; _c18 cm. |
||
| 650 | 0 | 4 |
_aGuerra mundial, 1914-1918- _xAspectos económicos. _913213 |
| 852 |
_aES-MaACL _j1546-F-5 |
||
| 852 |
_aES-MaACL _j1588-F-9 |
||
| 852 |
_aES-MaACL _j1579-F-22 |
||
| 999 |
_c38594 _d38594 |
||